| 000 | 00617nam a22002297a 4500 | ||
|---|---|---|---|
| 003 | OSt | ||
| 005 | 20140310183101.0 | ||
| 008 | 130301t xxu||||| |||| 00| 0 eng d | ||
| 020 | _a9715740057 | ||
| 050 |
_aPE1115 _b.E54 1997 |
||
| 082 |
_aFIL 808.066 _b.E54 1997 |
||
| 245 |
_aEnglish for business _bDeveloping communication skills _cRomero, P. ... [et al.] |
||
| 260 |
_aQuezon City _bKatha Pub. _cc1997 |
||
| 300 |
_avi, 171 p. _c25cm |
||
| 521 | _aCollege students | ||
| 526 | _c1210L-1700L | ||
| 541 | _j1 | ||
| 541 | _j2 | ||
| 541 | _j3 | ||
| 562 | _e3 | ||
| 942 |
_2lcc _cBK _kFIL |
||
| 999 |
_c18735 _d18735 |
||